Odhad požiarneho zaťaženia vybraných predajných automatov

Na minha lista:
Detalhes bibliográficos
Autor principal: Gerincová, Eva (Author)
Outros Autores: Martinka, Jozef (Thesis advisor)
Formato: Manuscrito Livro
Idioma:eslovaco
Publicado em: 2025
Assuntos:
Acesso em linha:http://is.stuba.sk/zp/portal_zp.pl?podrobnosti=185793
Tags: Adicionar Tag
Sem tags, seja o primeiro a adicionar uma tag!

MARC

LEADER 00000ntm a22000003a 4500
001 stuzp105533
003 SK-STU
005 20250614213920.7
007 ta
008 150427s2015----xo-----f-mn---000-0-slo-d
040 |a STU  |b slo 
041 0 |a slo 
100 1 |a Gerincová, Eva  |u 065000  |4 aut  |U MTF Materiálovotechnologická fakulta  |T MTF Ústav integrovanej bezpečnosti  |X 111508  |U M5000  |Y 85  |7 111508 
242 0 1 |a Fire load estimation of selected vending machines  |y eng 
245 1 0 |a Odhad požiarneho zaťaženia vybraných predajných automatov 
260 |c 2025 
650 4 |a fire calorific value  |2 eng 
650 4 |a fire load  |2 eng 
650 4 |a vending machine  |2 eng 
650 4 |a požiarna výhrevnosť  |2 slo 
650 4 |a predajný automat  |2 slo 
650 4 |a požiarne zaťaženie  |2 slo 
700 1 |a Martinka, Jozef  |u 065300  |k Z1  |4 ths  |U MTF Ústav integrovanej bezpečnosti  |T MTF Katedra požiarneho inžinierstva  |X 45163  |U M5300  |Y 193  |7 A000045163 
856 4 |u http://is.stuba.sk/zp/portal_zp.pl?podrobnosti=185793 
996 |c M* DP-15528  |l MMSKP  |s P  |a 0  |w stuzp105533_0001